A. WESLEY POWELL LEARNING RESOURCE CENTRE (WPLRC)

Wonderful Place to Learn, Research & Collaborate

Western society and the Church in the Middle Ages / (Record no. 5309)

MARC details
000 -LEADER
fixed length control field 01105cam a2200325 a 4500
001 - ACCESSION NUMBER
control field 1229
003 - CONTROL NUMBER IDENTIFIER
control field UkOxU
005 - DATE AND TIME OF LATEST TRANSACTION
control field 20160222131536.0
008 - FIXED-LENGTH DATA ELEMENTS--GENERAL INFORMATION
fixed length control field 930922s1970 miub 001 0 eng d
020 ## - INTERNATIONAL STANDARD BOOK NUMBER
International Standard Book Number 0000000000
035 ## - SYSTEM CONTROL NUMBER
System control number (OCoLC)316807191
040 ## - CATALOGING SOURCE
Original cataloging agency DDC
Language of cataloging ENG
Transcribing agency DDC
Modifying agency DDC
050 #4 - LIBRARY OF CONGRESS CALL NUMBER
Classification number BR252
Item number .S6 1970
082 ## - DEWEY DECIMAL CLASSIFICATION NUMBER
Classification number 270.4
100 1# - MAIN ENTRY--PERSONAL NAME
Personal name Southern, R. W.
Fuller form of name (Richard William),
Dates associated with a name 1912-2001.
245 10 - TITLE STATEMENT
Title Western society and the Church in the Middle Ages /
Statement of responsibility, etc. R.W. Southern.
260 ## - PUBLICATION, DISTRIBUTION, ETC. (IMPRINT)
Place of publication, distribution, etc. Great Britain
Name of publisher, distributor, etc. Penguin Books
Date of publication, distribution, etc. c1970.
300 ## - PHYSICAL DESCRIPTION
Extent 376 p. :
Dimensions 19 cm
500 ## - GENERAL NOTE
General note Includes index and bibliographical references
500 ## - GENERAL NOTE
General note Published by arrangement with Penguin Books.
650 #0 - SUBJECT ADDED ENTRY--TOPICAL TERM
Topical term or geographic name as entry element Church history
Chronological subdivision Middle Ages, 600-1500
650 #0 - SUBJECT ADDED ENTRY--TOPICAL TERM
Topical term or geographic name as entry element Civilization, Medieval
830 #0 - SERIES ADDED ENTRY--UNIFORM TITLE
Uniform title Pelican history of the church ;
Volume number/sequential designation vol. 2
942 ## - ADDED ENTRY ELEMENTS (KOHA)
Source of classification or shelving scheme Dewey Decimal Classification
Koha item type Circ Books

No items available.